[Event "English Schools Championship Final 2024"]
[Site "Nottingham University Kings Meadow Campus, United Kingdom"]
[Date "2024.06.28"]
[Round "5.20"]
[White "Hill, Charlie"]
[Black "Leslie, Alex"]
[Result "0-1"]
[TimeControl "G50' + 10\" per move."]
[WhiteFideId "343401791"]
[BlackFideId "452505"]
[WhiteElo "1688"]
[BlackElo "2159"]

1. d4 {[%clk 00:50:19]} {[%emt 01:05:06]} Nf6 {[%clk 00:50:10]} {[%emt
00:00:07]} 2. Bf4 {[%clk 00:50:25]} {[%emt 00:00:08]} e6 {[%clk 00:50:08]}
{[%emt 00:00:12]} 3. e3 {[%clk 00:50:28]} {[%emt 00:00:07]} c5 {[%clk
00:50:13]} {[%emt 00:00:04]} 4. Nf3 {[%clk 00:49:32]} {[%emt 00:01:07]} d5
{[%clk 00:50:18]} {[%emt 00:00:05]} 5. Nc3 {[%clk 00:49:20]} {[%emt 00:00:22]}
a6 {[%clk 00:49:59]} {[%emt 00:00:29]} 6. Qd2 {[%clk 00:47:22]} {[%emt
00:02:07]} Nc6 {[%clk 00:49:19]} {[%emt 00:00:50]} 7. a3 {[%clk 00:46:32]}
{[%emt 00:01:01]} b5 {[%clk 00:47:32]} {[%emt 00:01:56]} 8. dxc5 {[%clk
00:45:55]} {[%emt 00:00:48]} Bxc5 {[%clk 00:47:32]} {[%emt 00:00:09]} 9. Bd3
{[%clk 00:45:28]} {[%emt 00:00:37]} O-O {[%clk 00:46:55]} {[%emt 00:00:47]} 10.
h4 {[%clk 00:44:15]} {[%emt 00:01:24]} Re8 {[%clk 00:46:21]} {[%emt 00:00:44]}
11. Ne5 {[%clk 00:40:49]} {[%emt 00:03:36]} Nxe5 {[%clk 00:45:39]} {[%emt
00:00:51]} 12. Bxe5 {[%clk 00:40:54]} {[%emt 00:00:06]} Bd6 {[%clk 00:45:33]}
{[%emt 00:00:16]} 13. Bxd6 {[%clk 00:40:22]} {[%emt 00:00:42]} Qxd6 {[%clk
00:45:37]} {[%emt 00:00:06]} 14. Ne2 {[%clk 00:39:20]} {[%emt 00:01:12]} e5
{[%clk 00:42:24]} {[%emt 00:03:22]} 15. c3 {[%clk 00:38:52]} {[%emt 00:00:38]}
Be6 {[%clk 00:41:10]} {[%emt 00:01:24]} 16. Ng3 {[%clk 00:36:59]} {[%emt
00:02:04]} Qd7 {[%clk 00:39:02]} {[%emt 00:02:17]} 17. O-O {[%emt 00:03:15]}
Rab8 {[%clk 00:38:06]} {[%emt 00:01:03]} 18. Rfc1 {[%clk 00:33:14]} {[%emt
00:00:53]} a5 {[%clk 00:37:18]} {[%emt 00:00:58]} 19. Qc2 {[%clk 00:30:25]}
{[%emt 00:03:00]} Rec8 {[%clk 00:34:56]} {[%emt 00:02:31]} 20. Bf5 {[%clk
00:28:23]} {[%emt 00:02:13]} b4 {[%clk 00:34:19]} {[%emt 00:00:44]} 21. Bxe6
{[%clk 00:28:14]} {[%emt 00:00:21]} Qxe6 {[%clk 00:34:20]} {[%emt 00:00:09]} 22.
axb4 {[%clk 00:24:46]} {[%emt 00:03:39]} axb4 {[%clk 00:34:23]} {[%emt
00:00:06]} 23. Nf5 {[%clk 00:20:58]} {[%emt 00:03:58]} bxc3 {[%clk 00:32:58]}
{[%emt 00:01:36]} 24. bxc3 {[%clk 00:18:57]} {[%emt 00:02:10]} Ne4 {[%clk
00:32:43]} {[%emt 00:00:26]} 25. f3 {[%clk 00:17:24]} {[%emt 00:01:43]} Rxc3
{[%clk 00:31:37]} {[%emt 00:01:16]} 26. Qa4 {[%clk 00:15:39]} {[%emt 00:01:53]}
Rxc1+ {[%clk 00:30:57]} {[%emt 00:00:51]} 27. Rxc1 {[%clk 00:15:47]} {[%emt
00:00:02]} Qxf5 {[%clk 00:30:45]} {[%emt 00:00:22]} 28. fxe4 {[%clk 00:15:18]}
{[%emt 00:00:39]} Qxe4 {[%clk 00:30:26]} {[%emt 00:00:28]} 29. Qa7 {[%clk
00:15:06]} {[%emt 00:00:23]} Rf8 {[%clk 00:29:57]} {[%emt 00:00:38]} 30. g3
{[%clk 00:14:13]} {[%emt 00:01:04]} h6 {[%clk 00:28:28]} {[%emt 00:01:39]} 31.
Qc5 {[%clk 00:13:39]} {[%emt 00:00:44]} d4 {[%clk 00:27:21]} {[%emt 00:01:17]}
32. exd4 {[%clk 00:13:26]} {[%emt 00:00:23]} Qxd4+ {[%clk 00:27:25]} {[%emt
00:00:07]} 33. Qxd4 {[%clk 00:13:16]} {[%emt 00:00:20]} exd4 {[%clk 00:27:31]}
{[%emt 00:00:04]} 34. Kf2 {[%clk 00:13:19]} {[%emt 00:00:07]} Rd8 {[%clk
00:27:31]} {[%emt 00:00:08]} 35. g4 {[%clk 00:12:25]} {[%emt 00:01:04]} d3
{[%clk 00:27:18]} {[%emt 00:00:25]} 36. Ke3 {[%clk 00:12:24]} {[%emt 00:00:11]}
d2 {[%clk 00:27:10]} {[%emt 00:00:18]} 37. Rd1 {[%clk 00:12:33]} {[%emt
00:00:01]} h5 {[%clk 00:25:53]} {[%emt 00:01:27]} 38. gxh5 {[%clk 00:11:41]}
{[%emt 00:01:02]} Kh7 {[%clk 00:25:51]} {[%emt 00:00:11]} 39. Rxd2 {[%clk
00:11:19]} {[%emt 00:00:33]} Rxd2 {[%clk 00:25:56]} {[%emt 00:00:05]} 40. Kxd2
{[%clk 00:11:26]} {[%emt 00:00:01]} Kh6 {[%clk 00:26:01]} {[%emt 00:00:07]} 41.
Ke3 {[%clk 00:11:29]} {[%emt 00:00:07]} Kxh5 {[%clk 00:26:07]} {[%emt
00:00:04]} 42. Kf3 {[%clk 00:11:18]} {[%emt 00:00:20]} Kxh4 {[%clk 00:26:12]}
{[%emt 00:00:05]} 43. Kg2 {[%clk 00:11:27]} {[%emt 00:00:02]} Kg4 {[%clk
00:26:12]} {[%emt 00:00:10]} 44. Kf2 {[%clk 00:11:28]} {[%emt 00:00:08]} Kh3
{[%clk 00:26:16]} {[%emt 00:00:06]} 45. Kg1 {[%clk 00:11:33]} {[%emt 00:00:03]}
Kg3 {[%clk 00:26:23]} {[%emt 00:00:05]} 46. Kf1 {[%clk 00:11:38]} {[%emt
00:00:05]} g5 {[%clk 00:26:26]} {[%emt 00:00:06]} 47. Kg1 {[%clk 00:11:40]}
{[%emt 00:00:09]} g4 {[%clk 00:26:31]} {[%emt 00:00:05]} 48. Kh1 {[%clk
00:11:48]} {[%emt 00:00:02]} Kf2 {[%clk 00:26:33]} {[%emt 00:00:08]} 49. Kh2
{[%clk 00:11:54]} {[%emt 00:00:03]} g3 {[%clk 00:26:38]} {[%emt 00:00:06]} 50.
Kh1 {[%clk 00:12:03]} {[%emt 00:00:02]} g2+ {[%clk 00:26:46]} {[%emt 00:00:01]}
51. Kh2 {[%clk 00:12:12]} g1=Q {[%clk 00:26:53]} {[%emt 00:00:03]} 52. Kh3
{[%clk 00:12:19]} {[%emt 00:00:03]} Qg3+ {[%clk 00:27:02]} 0-1

[Event "English Schools Championship Final 2024"]
[Site "Nottingham University Kings Meadow Campus, United Kingdom"]
[Date "2024.06.28"]
[Round "5.21"]
[White "Dasgupta, Avyukt"]
[Black "Dong, Vincent"]
[Result "1/2-1/2"]
[TimeControl "G50' + 10\" per move."]
[WhiteFideId "480630"]
[WhiteElo "2069"]
[BlackElo "1621"]

1. e4 {[%clk 00:49:29]} {[%emt 00:00:46]} c6 {[%clk 00:50:15]} {[%emt
00:00:05]} 2. d4 {[%clk 00:49:22]} {[%emt 00:00:17]} d5 {[%clk 00:50:19]}
{[%emt 00:00:05]} 3. Nc3 {[%clk 00:49:28]} {[%emt 00:00:05]} dxe4 {[%clk
00:50:14]} {[%emt 00:00:15]} 4. Nge2 {[%clk 00:49:35]} {[%emt 00:00:04]} Nf6
{[%clk 00:49:58]} {[%emt 00:00:25]} 5. Ng3 {[%clk 00:49:41]} {[%emt 00:00:04]}
g6 {[%clk 00:48:30]} {[%emt 00:01:37]} 6. Ncxe4 {[%clk 00:48:57]} {[%emt
00:00:55]} Bg7 {[%clk 00:48:18]} {[%emt 00:00:22]} 7. c3 {[%clk 00:48:58]}
{[%emt 00:00:09]} O-O {[%clk 00:47:51]} {[%emt 00:00:37]} 8. Nxf6+ {[%clk
00:49:05]} {[%emt 00:00:04]} exf6 {[%clk 00:46:25]} {[%emt 00:01:35]} 9. Be2
{[%clk 00:49:10]} {[%emt 00:00:05]} Re8 {[%clk 00:46:07]} {[%emt 00:00:28]} 10.
O-O {[%clk 00:49:13]} {[%emt 00:00:07]} Nd7 {[%clk 00:45:39]} {[%emt 00:00:38]}
11. a4 {[%clk 00:48:44]} {[%emt 00:00:39]} c5 {[%clk 00:43:45]} {[%emt
00:02:04]} 12. d5 {[%clk 00:45:32]} {[%emt 00:03:22]} f5 {[%clk 00:35:21]}
{[%emt 00:08:34]} 13. Be3 {[%clk 00:41:34]} {[%emt 00:04:08]} Nf6 {[%clk
00:25:59]} {[%emt 00:09:32]} 14. c4 {[%clk 00:38:15]} {[%emt 00:03:29]} Qd6
{[%clk 00:23:58]} {[%emt 00:02:10]} 15. Qd2 {[%clk 00:35:17]} {[%emt 00:03:09]}
Ne4 {[%clk 00:23:29]} {[%emt 00:00:38]} 16. Nxe4 {[%clk 00:34:59]} {[%emt
00:00:29]} fxe4 {[%clk 00:23:07]} {[%emt 00:00:32]} 17. Rad1 {[%clk 00:30:39]}
{[%emt 00:04:29]} a5 {[%clk 00:21:40]} {[%emt 00:01:38]} 18. f3 {[%clk
00:25:59]} {[%emt 00:04:50]} Be5 {[%clk 00:20:00]} {[%emt 00:01:48]} 19. f4
{[%emt 00:04:34]} Bg7 {[%emt 00:00:01]} 1/2-1/2

[Event "English Schools Championship Final 2024"]
[Site "Nottingham University Kings Meadow Campus, United Kingdom"]
[Date "2024.06.28"]
[Round "5.22"]
[White "McDonald Mupinyuri, Tj"]
[Black "Mittal, Aditya"]
[Result "0-1"]
[TimeControl "G50' + 10\" per move."]
[BlackFideId "499250"]
[WhiteElo "1817"]
[BlackElo "1852"]

1. e4 {[%clk 00:50:18]} e6 {[%clk 00:50:17]} {[%emt 00:00:04]} 2. d4 {[%clk
00:50:22]} {[%emt 00:00:07]} d5 {[%clk 00:50:24]} {[%emt 00:00:03]} 3. e5
{[%clk 00:50:26]} {[%emt 00:00:07]} c5 {[%clk 00:50:30]} {[%emt 00:00:02]} 4.
c3 {[%clk 00:50:31]} {[%emt 00:00:06]} Qb6 {[%clk 00:50:36]} {[%emt 00:00:03]}
5. Nf3 {[%clk 00:50:30]} {[%emt 00:00:12]} Bd7 {[%clk 00:50:42]} {[%emt
00:00:04]} 6. a3 {[%clk 00:50:14]} {[%emt 00:00:26]} Bb5 {[%clk 00:50:45]}
{[%emt 00:00:07]} 7. Bxb5+ {[%clk 00:49:27]} {[%emt 00:00:57]} Qxb5 {[%clk
00:50:50]} {[%emt 00:00:05]} 8. b4 {[%clk 00:49:01]} {[%emt 00:00:35]} cxd4
{[%clk 00:50:51]} {[%emt 00:00:10]} 9. cxd4 {[%clk 00:47:25]} {[%emt 00:01:47]}
Nd7 {[%clk 00:48:59]} {[%emt 00:02:02]} 10. Qe2 {[%clk 00:45:05]} {[%emt
00:02:29]} Qxe2+ {[%clk 00:48:41]} {[%emt 00:00:28]} 11. Kxe2 {[%clk 00:45:07]}
{[%emt 00:00:09]} Rc8 {[%clk 00:47:12]} {[%emt 00:01:38]} 12. Bd2 {[%clk
00:44:34]} {[%emt 00:00:43]} Nb6 {[%clk 00:46:14]} {[%emt 00:01:08]} 13. Nc3
{[%clk 00:42:51]} {[%emt 00:01:53]} Nc4 {[%clk 00:45:35]} {[%emt 00:00:49]} 14.
Rhc1 {[%clk 00:40:43]} {[%emt 00:02:18]} Ne7 {[%clk 00:44:55]} {[%emt
00:00:49]} 15. Be3 {[%clk 00:39:44]} {[%emt 00:01:10]} Nc6 {[%clk 00:43:08]}
{[%emt 00:01:57]} 16. Nd2 {[%clk 00:37:29]} {[%emt 00:02:26]} Nb6 {[%clk
00:39:14]} {[%emt 00:04:03]} 17. Nb3 {[%clk 00:34:48]} {[%emt 00:02:51]} a6
{[%clk 00:36:24]} {[%emt 00:03:00]} 18. b5 {[%clk 00:30:11]} {[%emt 00:04:47]}
axb5 {[%clk 00:35:09]} {[%emt 00:01:25]} 19. Nxb5 {[%clk 00:29:58]} {[%emt
00:00:23]} Nc4 {[%clk 00:34:48]} {[%emt 00:00:30]} 20. Nc5 {[%clk 00:28:20]}
{[%emt 00:01:49]} Bxc5 {[%clk 00:34:26]} {[%emt 00:00:32]} 21. dxc5 {[%clk
00:28:23]} {[%emt 00:00:07]} N6xe5 {[%clk 00:34:18]} {[%emt 00:00:18]} 22. f4
{[%clk 00:27:16]} {[%emt 00:01:18]} Nd7 {[%clk 00:28:26]} {[%emt 00:06:01]} 23.
Nd6+ {[%clk 00:20:55]} {[%emt 00:06:31]} Nxd6 {[%clk 00:28:24]} {[%emt
00:00:11]} 24. cxd6 {[%clk 00:20:59]} {[%emt 00:00:07]} O-O {[%clk 00:20:42]}
{[%emt 00:07:52]} 25. Rab1 {[%clk 00:18:40]} {[%emt 00:02:28]} Rxc1 {[%clk
00:14:46]} {[%emt 00:06:06]} 26. Rxc1 {[%clk 00:18:37]} {[%emt 00:00:14]} Rd8
{[%clk 00:12:13]} {[%emt 00:02:43]} 27. Rc7 {[%clk 00:16:35]} {[%emt 00:02:11]}
b5 {[%clk 00:10:10]} {[%emt 00:02:14]} 28. Rb7 {[%clk 00:15:14]} {[%emt
00:01:31]} h6 {[%clk 00:09:22]} {[%emt 00:00:59]} 29. Rxb5 {[%clk 00:14:45]}
{[%emt 00:00:32]} Nf6 {[%clk 00:09:21]} {[%emt 00:00:17]} 30. Bd4 {[%clk
00:08:48]} {[%emt 00:06:06]} Ne4 {[%clk 00:08:44]} {[%emt 00:00:41]} 31. a4
{[%clk 00:07:08]} {[%emt 00:01:57]} Nxd6 {[%clk 00:08:07]} {[%emt 00:00:48]} 32.
Rb2 {[%clk 00:04:10]} {[%emt 00:03:08]} Ra8 {[%clk 00:07:29]} {[%emt 00:00:47]}
33. Ra2 {[%clk 00:03:55]} {[%emt 00:00:25]} Nc4 {[%clk 00:07:30]} {[%emt
00:00:08]} 34. Kd3 {[%clk 00:03:29]} {[%emt 00:00:36]} f6 {[%clk 00:07:25]}
{[%emt 00:00:16]} 35. Kc3 {[%clk 00:02:54]} {[%emt 00:00:46]} e5 {[%clk
00:06:54]} {[%emt 00:00:41]} 36. fxe5 {[%clk 00:02:56]} {[%emt 00:00:07]} fxe5
{[%clk 00:06:59]} {[%emt 00:00:05]} 37. Bc5 {[%clk 00:01:54]} {[%emt 00:01:12]}
Kf7 {[%clk 00:06:51]} {[%emt 00:00:18]} 38. Kb4 {[%clk 00:00:48]} {[%emt
00:01:17]} Ke6 {[%clk 00:06:21]} {[%emt 00:00:39]} 39. a5 {[%clk 00:00:33]}
{[%emt 00:00:24]} Rb8+ {[%clk 00:06:19]} {[%emt 00:00:13]} 40. Kc3 {[%clk
00:00:31]} {[%emt 00:00:12]} Kd7 {[%clk 00:04:19]} {[%emt 00:02:10]} 41. a6
{[%clk 00:00:13]} {[%emt 00:00:28]} Kc6 {[%clk 00:03:49]} {[%emt 00:00:39]} 42.
a7 {[%clk 00:00:22]} {[%emt 00:00:03]} Ra8 {[%clk 00:03:57]} 43. Bf8 {[%emt
00:00:20]} Kb6 {[%clk 00:02:59]} {[%emt 00:01:04]} 44. Bxg7 {[%clk 00:00:21]}
{[%emt 00:00:06]} h5 {[%clk 00:02:44]} {[%emt 00:00:25]} 45. Bh6 {[%clk
00:00:12]} {[%emt 00:00:18]} Rxa7 {[%clk 00:02:44]} {[%emt 00:00:09]} 46. Rxa7
{[%clk 00:00:20]} {[%emt 00:00:03]} Kxa7 {[%clk 00:02:53]} {[%emt 00:00:01]} 47.
h3 {[%clk 00:00:21]} {[%emt 00:00:10]} Kb6 {[%clk 00:02:53]} {[%emt 00:00:10]}
48. g4 {[%clk 00:00:30]} hxg4 {[%clk 00:03:00]} {[%emt 00:00:02]} 49. hxg4
{[%clk 00:00:38]} {[%emt 00:00:02]} Kc5 {[%clk 00:03:04]} {[%emt 00:00:05]} 50.
Bf8+ {[%clk 00:00:44]} {[%emt 00:00:05]} Kc6 {[%clk 00:03:07]} {[%emt
00:00:07]} 51. g5 {[%clk 00:00:47]} {[%emt 00:00:07]} Kd7 {[%clk 00:03:07]}
{[%emt 00:00:10]} 52. Kd3 {[%clk 00:00:12]} {[%emt 00:00:46]} Ke8 {[%clk
00:03:07]} {[%emt 00:00:09]} 53. Bg7 {[%clk 00:00:12]} {[%emt 00:00:11]} e4+
{[%clk 00:02:49]} {[%emt 00:00:27]} 54. Ke2 {[%clk 00:00:11]} {[%emt 00:00:12]}
Kf7 {[%clk 00:02:57]} {[%emt 00:00:01]} 55. Bf6 {[%clk 00:00:12]} {[%emt
00:00:09]} Kg6 {[%clk 00:02:59]} {[%emt 00:00:09]} 56. Kf2 {[%clk 00:00:14]}
{[%emt 00:00:08]} Nd2 {[%clk 00:03:01]} {[%emt 00:00:07]} 57. Ke3 {[%clk
00:00:17]} {[%emt 00:00:07]} Nf3 {[%clk 00:03:09]} {[%emt 00:00:02]} 58. Kf4
{[%clk 00:00:23]} {[%emt 00:00:45]} Nd2 {[%clk 00:04:20]} {[%emt 00:00:51]} 59.
Bc3 {[%clk 00:00:15]} {[%emt 00:00:20]} Nc4 {[%clk 00:04:25]} {[%emt 00:00:05]}
60. Bd4 {[%clk 00:00:18]} {[%emt 00:00:08]} Kf7 {[%clk 00:03:39]} {[%emt
00:00:56]} 61. Kf5 {[%clk 00:00:16]} {[%emt 00:00:11]} e3 {[%clk 00:03:38]}
{[%emt 00:00:11]} 62. g6+ {[%clk 00:00:17]} {[%emt 00:00:10]} Kg8 {[%clk
00:03:47]} 63. Ke6 {[%clk 00:00:12]} {[%emt 00:00:16]} e2 {[%clk 00:03:49]}
{[%emt 00:00:08]} 64. Bf2 {[%clk 00:00:12]} {[%emt 00:00:10]} d4 {[%clk
00:03:53]} {[%emt 00:00:04]} 65. Kd5 {[%clk 00:00:17]} {[%emt 00:00:06]} d3
{[%clk 00:03:56]} {[%emt 00:00:06]} 0-1

[Event "English Schools Championship Final 2024"]
[Site "Nottingham University Kings Meadow Campus, United Kingdom"]
[Date "2024.06.28"]
[Round "5.23"]
[White "Brass, Ezra"]
[Black "Rook, Todd"]
[Result "1-0"]
[TimeControl "G50' + 10\" per move."]
[WhiteFideId "446424"]
[WhiteElo "1917"]
[BlackElo "1643"]

1. e4 {[%clk 00:50:19]} d5 {[%clk 00:50:10]} {[%emt 00:00:11]} 2. exd5 {[%clk
00:50:24]} {[%emt 00:00:05]} Qxd5 {[%clk 00:50:14]} {[%emt 00:00:05]} 3. Nc3
{[%clk 00:50:28]} {[%emt 00:00:08]} Qd6 {[%clk 00:50:21]} {[%emt 00:00:01]} 4.
Nf3 {[%clk 00:50:02]} {[%emt 00:00:36]} Nf6 {[%clk 00:50:29]} {[%emt 00:00:02]}
5. d4 {[%clk 00:49:50]} {[%emt 00:00:22]} c6 {[%clk 00:50:33]} {[%emt
00:00:06]} 6. h3 {[%clk 00:48:45]} {[%emt 00:01:14]} Bf5 {[%clk 00:50:22]}
{[%emt 00:00:22]} 7. Bc4 {[%clk 00:47:38]} {[%emt 00:01:18]} Nbd7 {[%clk
00:49:24]} {[%emt 00:01:05]} 8. Bb3 {[%clk 00:47:02]} {[%emt 00:00:48]} e6
{[%clk 00:48:40]} {[%emt 00:00:54]} 9. Be3 {[%clk 00:46:18]} {[%emt 00:00:53]}
Be7 {[%clk 00:47:26]} {[%emt 00:01:25]} 10. O-O {[%clk 00:45:31]} {[%emt
00:00:58]} h5 {[%clk 00:46:24]} {[%emt 00:01:11]} 11. Qd2 {[%clk 00:44:34]}
{[%emt 00:01:08]} Qc7 {[%clk 00:44:52]} {[%emt 00:01:42]} 12. Rfe1 {[%clk
00:42:38]} {[%emt 00:02:05]} Bd6 {[%clk 00:42:15]} {[%emt 00:02:48]} 13. Nh4
{[%clk 00:41:16]} {[%emt 00:01:31]} Bh7 {[%clk 00:39:56]} {[%emt 00:02:29]} 14.
a4 {[%clk 00:40:37]} {[%emt 00:00:50]} a5 {[%clk 00:38:17]} {[%emt 00:01:49]}
15. Bg5 {[%clk 00:40:09]} {[%emt 00:00:37]} Bb4 {[%clk 00:36:58]} {[%emt
00:01:29]} 16. Qe2 {[%clk 00:39:26]} {[%emt 00:00:52]} O-O-O {[%clk 00:35:59]}
{[%emt 00:01:10]} 17. Rad1 {[%clk 00:34:05]} {[%emt 00:05:30]} Rhe8 {[%clk
00:34:22]} {[%emt 00:01:47]} 18. Qf3 {[%clk 00:30:01]} {[%emt 00:04:14]} Bxc3
{[%clk 00:31:44]} {[%emt 00:02:49]} 19. Qxc3 {[%clk 00:29:43]} {[%emt
00:00:28]} Bg6 {[%clk 00:29:00]} {[%emt 00:02:54]} 20. Nxg6 {[%clk 00:29:20]}
{[%emt 00:00:32]} fxg6 {[%clk 00:29:07]} {[%emt 00:00:03]} 21. Bxe6 {[%clk
00:29:07]} {[%emt 00:00:24]} Rf8 {[%clk 00:27:20]} {[%emt 00:01:57]} 22. b4
{[%clk 00:26:30]} {[%emt 00:02:46]} axb4 {[%clk 00:26:07]} {[%emt 00:01:24]} 23.
Qxb4 {[%clk 00:26:00]} {[%emt 00:00:41]} Kb8 {[%clk 00:25:29]} {[%emt
00:00:48]} 24. d5 {[%clk 00:25:24]} {[%emt 00:00:46]} Qb6 {[%clk 00:23:40]}
{[%emt 00:01:58]} 25. Bf4+ {[%clk 00:24:07]} {[%emt 00:01:26]} Ka8 {[%clk
00:23:21]} {[%emt 00:00:30]} 26. Qxb6 {[%clk 00:23:29]} {[%emt 00:00:48]} Nxb6
{[%clk 00:23:27]} {[%emt 00:00:03]} 27. Bc7 {[%clk 00:23:37]} {[%emt 00:00:02]}
Nfxd5 {[%clk 00:22:35]} {[%emt 00:01:03]} 28. Bxd5 {[%clk 00:23:02]} {[%emt
00:00:45]} Nxd5 {[%clk 00:22:10]} {[%emt 00:00:35]} 29. Bxd8 {[%clk 00:23:07]}
{[%emt 00:00:04]} Rxd8 {[%clk 00:22:05]} {[%emt 00:00:16]} 30. c4 {[%clk
00:23:15]} {[%emt 00:00:03]} 1-0